| 000 | 00378nam a2200121Ia 4500 | ||
|---|---|---|---|
| 008 | 230907s9999||||xx |||||||||||||| ||und|| | ||
| 082 |
_a671.35 _bFIT |
||
| 100 |
_aFitzpatrick, Michael, _963958 |
||
| 245 | 0 | _aMachining and CNC technology / | |
| 300 | _axv, 856 pages : | 1 CD-ROM (4 3/4 in.) | ||
| 650 |
_aHandbooks, manuals, etc. Handbooks, manuals, etc. _9115697 |
||
| 942 | _cBK | ||
| 999 |
_c601030 _d601030 |
||